000 00649nam a22001695i 4500
001 164181
003 ES-MaACL
005 20240424063058.0
008 010403s1886 sp |||| | spa d
040 _aCAM
_bspa
_cCAM
100 1 _aRuimar, Cándido,
_dn. 1862
_9100866
245 1 4 _aLas revoluciones
_b: canto /
_cCándido Ruiz Martínez.
260 _aMadrid :
_b[s.n.],
_c1886 (
_ftipografía de El Correo, a cargo de F. Fernández)
300 _a45 p. ;
_c19 cm.
852 _aES-MaACL
_jT-400-F-9
_z-- Enc. hol., falto de la cub. original
_z-- An. ms.: ded. del autor a la Biblioteca del Ateneo de Madrid
999 _c164181
_d164181